|
|
|
|
| LEADER |
01713nam a22004334a 4500 |
| 001 |
EBC3417091 |
| 003 |
MiAaPQ |
| 005 |
20200520144314.0 |
| 006 |
m o d | |
| 007 |
cr cn||||||||| |
| 008 |
020322s2002 miua sbs 001 0 eng |
| 020 |
|
|
|z 088099231X (pbk. : alk. paper)
|
| 020 |
|
|
|z 0880992328 (cloth : alk. paper)
|
| 035 |
|
|
|a (MiAaPQ)EBC3417091
|
| 035 |
|
|
|a (Au-PeEL)EBL3417091
|
| 035 |
|
|
|a (CaPaEBR)ebr10103882
|
| 035 |
|
|
|a (OCoLC)53371687
|
| 040 |
|
|
|a MiAaPQ
|c MiAaPQ
|d MiAaPQ
|
| 043 |
|
|
|a n-us---
|a n-cn---
|
| 050 |
|
4 |
|a HD4975
|b .H64 2002
|
| 082 |
0 |
4 |
|a 331.2/9/973
|2 21
|
| 245 |
0 |
0 |
|a How new is the "new employment contract"?
|h [electronic resource] :
|b evidence from North American pay practices /
|c David I. Levine ... [et al.].
|
| 260 |
|
|
|a Kalamazoo, Mich. :
|b W.E. Upjohn Institute for Employment Research,
|c 2002.
|
| 300 |
|
|
|a xiii, 263 p. :
|b ill.
|
| 504 |
|
|
|a Includes bibliographical references (p. 233-246) and indexes.
|
| 533 |
|
|
|a Electronic reproduction. Ann Arbor, MI : ProQuest, 2015. Available via World Wide Web. Access may be limited to ProQuest affiliated libraries.
|
| 650 |
|
0 |
|a Wages
|z United States.
|
| 650 |
|
0 |
|a Wages
|z Canada.
|
| 650 |
|
0 |
|a Compensation management
|z United States.
|
| 650 |
|
0 |
|a Compensation management
|z Canada.
|
| 650 |
|
0 |
|a Labor contract
|z United States.
|
| 650 |
|
0 |
|a Labor contract
|z Canada.
|
| 650 |
|
0 |
|a Labor market
|z United States.
|
| 650 |
|
0 |
|a Labor market
|z Canada.
|
| 650 |
|
0 |
|a Comparative industrial relations.
|
| 655 |
|
4 |
|a Electronic books.
|
| 700 |
1 |
|
|a Levine, David I.,
|d 1960-
|
| 710 |
2 |
|
|a ProQuest (Firm)
|
| 856 |
4 |
0 |
|u https://ebookcentral.proquest.com/lib/matrademy/detail.action?docID=3417091
|z Click to View
|